| 000 | 01074cam a2200229 4500 | ||
|---|---|---|---|
| 001 | ABS66411 | ||
| 008 | 030306n2003 000 0 eng u | ||
| 035 | _a(Sirsi) u121550 | ||
| 100 | _aLudmon, M. | ||
| 245 | _aHeritage at the heart of the urban renaissance | ||
| 260 | _c2003 | ||
| 490 |
_aNew Urban Futures _v(07) January 2003, 6(1) |
||
| 520 | _aRestoration of historic buildings can boost urban renewal as exemplified by a scheme in Liverpool restoring derelict and ruined buildings into a new mixed-use development called Ropeworks. This was a public/private sector partnership funded by the Heritage Lottery Fund's Townscape Heritage Initiative. The benefits of such schemes were highlighted at the Urban Summit where English Heritage launched its "Heritage dividend 2002" report. | ||
| 590 | _aABS | ||
| 650 | _aHISTORIC BUILDINGS | ||
| 650 | _aRESTORATION | ||
| 650 | _aRESTORATION BENEFITS | ||
| 650 | _aURBAN RENEWAL | ||
| 650 | _aLIVERPOOL | ||
| 690 | _aBUILT ENVIRONMENT-BUILDING MAINTENANCE AND REFURBISHMENT-BUILDING CONSERVATION | ||
| 942 | _n0 | ||
| 999 |
_c72249 _d72249 |
||